Transactions of Technical Conference on Metric Mechanical Fasteners : papers presented at First Annual Conference of the American National Metric Council, March 17-19, 1975, Washington, D.C. /

Bibliographic Details
Corporate Authors: Technical Conference on Metric Mechanical Fasteners Washington, D.C., American National Metric Council
Format: Conference Proceeding Book
Language:English
Published: New York : American National Standards Institute, 1975.
Series:ASTM special technical publication ; 587.
Subjects:

MARC

Tag First Indicator Second Indicator Subfields
LEADER 00000cam a2200000 i 4500
001 in00000095684
005 20150925085523.0
008 750813s1975 nyua b 10010 eng
010 |a  75321621  
035 |a (OCoLC)01602965 
035 |9 AAL1901AM 
040 |a DLC  |c DLC  |d TXA  |d UtOrBLW 
049 |a TXAM  |c [1101822] 
050 0 0 |a TJ1320  |b .T42 1975 
082 0 |a 621.8/8 
111 2 |a Technical Conference on Metric Mechanical Fasteners  |n (1st :  |d 1975 :  |c Washington, D.C.) 
245 1 0 |a Transactions of Technical Conference on Metric Mechanical Fasteners :  |b papers presented at First Annual Conference of the American National Metric Council, March 17-19, 1975, Washington, D.C. /  |c consponsored by American National Standards Institute [and others]. 
264 1 |a New York :  |b American National Standards Institute,  |c 1975. 
300 |a 122 pages :  |b illustrations ;  |c 28 cm. 
336 |a text  |b txt  |2 rdacontent 
337 |a unmediated  |b n  |2 rdamedia 
338 |a volume  |b nc  |2 rdacarrier 
490 1 |a ASTM STP ; 587 
500 |a "ANSI SR 17." 
504 |a Includes bibliographical references. 
650 0 |a Fasteners  |x Congresses. 
650 0 |a Metric system  |x Congresses. 
710 2 |a American National Metric Council. 
830 0 |a ASTM special technical publication ;  |v 587. 
999 |a MARS 
999 f f |s 0be8f82c-fda2-359e-82ac-cca826e38860  |i 795687fb-438a-35d5-9ab0-bb9ca4dd5140  |t 0 
952 f f |p ric  |a Texas A&M University  |b Rellis Campus  |c Joint Library Facility  |d Remote Storage  |t 0  |e TJ1320 .T42 1975  |h Library of Congress classification  |i unmediated -- volume  |m A14805453873 
998 f f |a TJ1320 .T42 1975  |t 0  |l Remote Storage